Vài nét về phong trào công nhân cao su miền Đông Nam bộ trong kháng chiến chống Mỹ cứu nước /
שמור ב:
| מחבר ראשי: | |
|---|---|
| פורמט: | Bài viết |
| שפה: | Vietnamese |
| נושאים: | |
| תגים: |
הוספת תג
אין תגיות, היה/י הראשונ/ה לתייג את הרשומה!
|
| Thư viện lưu trữ: | Thư viện Trường Đại học Đà Lạt |
|---|
| LEADER | 00871nam a2200265 4500 | ||
|---|---|---|---|
| 001 | DLU090086556 | ||
| 005 | ##20090923 | ||
| 040 | # | # | |a DLU |b vie |
| 041 | # | # | |a vie |
| 044 | # | # | |a vn |
| 100 | # | # | |a Khổng Đình Mịch. |
| 245 | # | # | |a Vài nét về phong trào công nhân cao su miền Đông Nam bộ trong kháng chiến chống Mỹ cứu nước / |c aKhổng Đình Mịch. |
| 653 | # | # | |a Kháng chiến chống Mĩ |
| 653 | # | # | |a Phong trào công nhân |
| 653 | # | # | |a Phong trào giải phóng dân tộc |
| 773 | # | # | |t Nghiên cứu lịch sử |g Số 1(220), 1985, tr. 55-68 |
| 920 | # | # | |a Phòng Tạp chí -- Trung tâm Thông tin - Thư viện Trường Đại học Đà Lạt |
| 994 | # | # | |a DLU |
| 900 | # | # | |a True |
| 911 | # | # | |a Nguyễn Thị Linh Chi |
| 925 | # | # | |a G |
| 926 | # | # | |a A |
| 927 | # | # | |a BB |
| 980 | # | # | |a Thư viện Trường Đại học Đà Lạt |